| 000 | 00420nam a22001697a 4500 | ||
|---|---|---|---|
| 003 | NUST - PNEC | ||
| 005 | 20170116181120.0 | ||
| 008 | 151004b xxu||||| |||| 00| 0 eng d | ||
| 020 | _a- | ||
| 040 | _cLIBRARY | ||
| 082 | _a671.5212 SAC | ||
| 100 |
_913478 _aSacks, R. J. |
||
| 245 |
_aTheory and practice of are welding _cRaymond J. Sacks |
||
| 260 | _cc.1960 | ||
| 650 |
_913479 _aWelding _xIME |
||
| 942 |
_2ddc _cBK |
||
| 999 |
_c69547 _d69547 |
||